Statistiques concernant Quiz sur MILOU

Cliquez ici pour prendre le quiz!

Statistiques générales

  • Ce quiz a été pris 9 fois
  • Le résultat moyen est 7 sur 13

Statistiques - réponses

HintRéponse% Correct
Quelle est la couleur préférée de Milou ?Rouge
89%
Quelle est la date de naissance de Milou ?12 décembre 2003
78%
Quel est le nom du frère de Milou ?Baptiste
78%
Ou Milou est elle née ?Paris
78%
Qui est le chanteur préféré de Milou ?Justin Bieber
67%
Quel est le disney préféré de Milou ?Mulan
67%
Quel est l'autre animal préféré de Milou ?Ecureuil
44%
Qui est l'idole de Milou ?Emma Watson
44%
Quelle est la plus grande qualité de Milou ?Généreuse
44%
Comment s'appelle la Mamy de Milou ?Michèle
44%
Quel est le pays préféré de Milou ?Royaume Uni
44%
Ou Milou reve-t-elle d'aller ?Argentine
33%
Quel est l'animal préféré de Milou ?Hippopotame
33%

Distribution des résultats

Percentile par nombre de réponses

% des personnes avec chaque résultat

Votre développement - résultats

Vous n’avez pas pris ce quiz